01464nam0a22002651 4500001003000000005001700030035002600047100004100073101002300114102001100137105001800148200013800166210002300304215002100327300007100348300048100419512004900900512004600949686002600995686004101021710007201062801002201134801001801156852002401174RU\NLR\INFOCOMM_41\500024423720250613090121.0 a(NLR Aleph) 009053134 a20080917d1969 |||y0rusy50 ca0 aengagerafregeng aRUaLV ay z 100zy1 aAbstracts to the reports delivered at the CongressfCom. for organizing the Second All-Union congress of traumatology and orthopedics aMoscowaRigad1969 a112 с.d22 см aТекст парал. на англ., франц. и нем. яз aНа обл. надзаголовок и загл. также на франц. яз.: Comité d'organisation de la deuxième congrès de chirurgie orthopédique et de traumatologie de l'U.R.S.S. Résumes sur les rapports du Congrès; на нем. яз.: Organisationskomitee der Zweiten Allunionstagung der Unfallchirurgen und Orthopäden. Kurze Zusammenfassung der Vorträge; на рус. яз.: Второй Съезд травматологов-ортопедов1 aRésumes sur les rapports du Congrèszfre1 aKurze Zusammenfassung der Vorträgezger aМе11-400(д)2rubbk aМе11-400(д)[Р458я431(2)]2rubbk12aAll-Union congress of traumatology and orthopedicseRigaf19694070 1aRUbNLRc20080917 0aRUbNLRgPSBO aNLRjМд41 Д-5/29